000 00459nmm a2200157Ia 4500
008 251105s9999||||xx |||||||||||||||||und||
041 _aspa
100 _aObeso, Virgilio
245 0 _aAnálisis numérico: notas de clase
264 _a[Bogotá, Colombia] :
_bUniversidad del Norte,
_c2008
300 _a300 páginas
700 _aObeso, Virgilio
700 1 _a Velásquez, Jorge
856 _uhttps://public.digitaliapublishing.com/a/54931
942 _cCF
999 _c69451
_d69451